Los caminos de la sabiduría: una introducción a la interpretación feminista de la Biblia

Guardat en:
Dades bibliogràfiques
Autor principal: Schüssler Fiorenza, Elisabeth (Autor)
Format: Llibre
Idioma:espanyol
Publicat: Santander Sal Terrae 2004
Col·lecció:Presencia Teológica, 132
Matèries:
Etiquetes: Afegir etiqueta
Sense etiquetes, Sigues el primer a etiquetar aquest registre!

MARC

LEADER 00000nam a2200000 a 4500
001 UCK4077
003 CL-VaPUC
008 050520e20040000SP |||||||||||||||||spa|d
020 |a 8429315411 
082 0 4 |a 220.6  |b SCH  |2 21 
100 0 |a Schüssler Fiorenza, Elisabeth  |e author  |9 492465 
245 1 4 |a Los caminos de la sabiduría: una introducción a la interpretación feminista de la Biblia 
300 |a 286 p 
942 |c BK 
945 |d 20050520 00:00:00  |a cmena 
260 |a Santander  |b Sal Terrae  |c 2004 
650 0 |a Textos sagrados   |9 257605 
650 0 |a Crítica e interpretación   |9 255042 
650 0 |a Democracia  |9 255256 
650 0 |a Cognición   |9 270347 
650 0 |a Feminismo  |9 259085 
583 |a last modification  |c 20050520 00:00:00  |k Rodrigo Vera 
490 0 |a Presencia Teológica, 132 
999 |c 313050  |d 313048 
952 |0 0  |1 0  |4 0  |6 220_600000000000000_SCH_2004  |7 0  |8 A  |9 384108  |a BIBTEO  |b BIBTEO  |d 2019-11-22  |i 4088905  |l 1  |o 220.6 SCH 2004  |p 4088905  |r 2025-01-17  |s 2023-11-22  |w 2019-11-22  |y BK  |k ICR